Southville International School and Colleges
Your cart is empty.
  • Cart
  • Lists
    Public lists Eva Luna New books Lux_list list_1
    Your lists Log in to create your own lists
  • Log in to your account
  • Your cookies
  • Search history
Southville International School and Colleges
  • Advanced search
  • Recent comments
  • Most popular
  • Libraries

Log in to your account

Log in with GOOGLE


If you do not have an external account, but do have a local account, you can still log in:

  1. Home
  2. MARC view: Number of family members and students closeness with the family /
Normal view MARC view ISBD view

Number of family members and students closeness with the family / (Record no. 98158)

[ view plain ]
MARC details
000 -LEADER
fixed length control field 00737nam a2200205 a 4500
003 - CONTROL NUMBER IDENTIFIER
control field 0
005 - DATE AND TIME OF LATEST TRANSACTION
control field 20250307093512.0
008 - FIXED-LENGTH DATA ELEMENTS--GENERAL INFORMATION
fixed length control field 090707s19uu xx 00 eng d
050 ## - LIBRARY OF CONGRESS CALL NUMBER
Classification number PGS HQ 503.7
Item number .B328 2009
100 ## - MAIN ENTRY--PERSONAL NAME
Personal name Bata, Patricia del Rosario.
245 ## - TITLE STATEMENT
Title Number of family members and students closeness with the family /
Statement of responsibility, etc Patricia del Rosario Bata.
260 ## - PUBLICATION, DISTRIBUTION, ETC. (IMPRINT)
Place of publication, distribution, etc Las Piñas City, Philippines :
Name of publisher, distributor, etc Southville International School and Colleges,
Date of publication, distribution, etc 2009.
300 ## - PHYSICAL DESCRIPTION
Extent 33 pages :
Other physical details illustrations ;
Dimensions 28 cm.
504 ## - BIBLIOGRAPHY, ETC. NOTE
Bibliography, etc Includes bibliographical references.
650 ## - SUBJECT ADDED ENTRY--TOPICAL TERM
Topical term or geographic name as entry element Family size.
650 ## - SUBJECT ADDED ENTRY--TOPICAL TERM
Topical term or geographic name as entry element Family relationships.
650 ## - SUBJECT ADDED ENTRY--TOPICAL TERM
Topical term or geographic name as entry element Students
Form subdivision Family relationships.
650 ## - SUBJECT ADDED ENTRY--TOPICAL TERM
Topical term or geographic name as entry element Parent and child.
942 ## - ADDED ENTRY ELEMENTS (KOHA)
Source of classification or shelving scheme Library of Congress Classification
Koha item type PASS
Holdings
Withdrawn status Lost status Source of classification or shelving scheme Damaged status Home library Current library Shelving location Date acquired Source of acquisition Total Checkouts Full call number Barcode Date last seen Price effective from Koha item type
    Library of Congress Classification   Luxembourg Library Luxembourg Library Portfolio Assessment of SISC Students Section 07/07/2009 Donation   PGS HQ 503.7 .B328 2009 P2255 04/08/2014 04/08/2014 PASS

Number of family members and students closeness with the family /

APA

Bata P. d. R., . (2009). Number of family members and students closeness with the family. Las Piñas City, Philippines: Southville International School and Colleges.

Chicago

Bata Patricia del Rosario, . 2009. Number of family members and students closeness with the family. Las Piñas City, Philippines: Southville International School and Colleges.

Harvard

Bata P. d. R., . (2009). Number of family members and students closeness with the family. Las Piñas City, Philippines: Southville International School and Colleges.

MLA

Bata Patricia del Rosario, . Number of family members and students closeness with the family. Las Piñas City, Philippines: Southville International School and Colleges. 2009.

  • Print
  • Cite
  • Add to your cart (remove)
  • Save record
    BIBTEX Dublin Core MARCXML MARC (non-Unicode/MARC-8) MARC (Unicode/UTF-8) MARC (Unicode/UTF-8, Standard) MODS (XML) RIS
  • More searches
    Search for this title in:
    Other Libraries (WorldCat) Other Databases (Google Scholar) Online Stores (Bookfinder.com) Open Library (openlibrary.org)

Exporting to Dublin Core...

SOUTHVILLE LIBRARY

Southville International School and Colleges Library

1281 Tropical Ave. Cor. Luxembourg St., BF Homes International, Las Pinas City

Tel. No. 8256374 / 252358 Loc. 117/146

Powered by Koha